Southville International School and Colleges
Your cart is empty.
  • Cart
  • Lists
    Public lists Eva Luna New books Lux_list list_1
    Your lists Log in to create your own lists
  • Log in to your account
  • Your cookies
  • Search history
Southville International School and Colleges
  • Advanced search
  • Recent comments
  • Most popular
  • Libraries

Log in to your account

Log in with GOOGLE


If you do not have an external account, but do have a local account, you can still log in:

  1. Home
  2. MARC view: Pasan ko si bunso /
Normal view MARC view ISBD view

Pasan ko si bunso / (Record no. 110536)

[ view plain ]
MARC details
000 -LEADER
fixed length control field 00585nam a2200205 a 4500
001 - CONTROL NUMBER
control field 0756
005 - DATE AND TIME OF LATEST TRANSACTION
control field 20140414131858.0
008 - FIXED-LENGTH DATA ELEMENTS--GENERAL INFORMATION
fixed length control field 040929s19uu xx 00 eng d
020 ## - INTERNATIONAL STANDARD BOOK NUMBER
International Standard Book Number 971-529-019-1
050 ## - LIBRARY OF CONGRESS CALL NUMBER
Classification number FIL
Item number P26 1999
100 ## - MAIN ENTRY--PERSONAL NAME
Personal name Villanueva, Rene O.
245 ## - TITLE STATEMENT
Title Pasan ko si bunso /
Statement of responsibility, etc by Rene O. Villanueva ; illustrated by Felix Mago Miguel.
260 ## - PUBLICATION, DISTRIBUTION, ETC. (IMPRINT)
Place of publication, distribution, etc Philippines :
Name of publisher, distributor, etc UNICEF,
Date of publication, distribution, etc 1999.
300 ## - PHYSICAL DESCRIPTION
Extent p. : ill. ; cm.
440 ## - SERIES STATEMENT/ADDED ENTRY--TITLE
Title UNICEF
500 ## - GENERAL NOTE
General note Includes: Rights of the child
650 ## - SUBJECT ADDED ENTRY--TOPICAL TERM
Topical term or geographic name as entry element Children stories.
650 ## - SUBJECT ADDED ENTRY--TOPICAL TERM
Topical term or geographic name as entry element Filipino stories.
Holdings
Withdrawn status Lost status Damaged status Use restrictions Home library Current library Shelving location Date acquired Source of acquisition Total Checkouts Full call number Barcode Date last seen Price effective from Koha item type
        Munich Library Munich Library Filipiniana Section 09/29/2004     FIL P26 1999 M0960 04/14/2014 04/14/2014 Books

Pasan ko si bunso /

APA

Villanueva R. O., . (1999). Pasan ko si bunso. Philippines: UNICEF.

Chicago

Villanueva Rene O, . 1999. Pasan ko si bunso. Philippines: UNICEF.

Harvard

Villanueva R. O., . (1999). Pasan ko si bunso. Philippines: UNICEF.

MLA

Villanueva Rene O, . Pasan ko si bunso. Philippines: UNICEF. 1999.

  • Place hold
  • Print
  • Cite
  • Add to your cart (remove)
  • Save record
    BIBTEX Dublin Core MARCXML MARC (non-Unicode/MARC-8) MARC (Unicode/UTF-8) MARC (Unicode/UTF-8, Standard) MODS (XML) RIS
  • More searches
    Search for this title in:
    Other Libraries (WorldCat) Other Databases (Google Scholar) Online Stores (Bookfinder.com) Open Library (openlibrary.org)

Exporting to Dublin Core...

SOUTHVILLE LIBRARY

Southville International School and Colleges Library

1281 Tropical Ave. Cor. Luxembourg St., BF Homes International, Las Pinas City

Tel. No. 8256374 / 252358 Loc. 117/146

Powered by Koha